Sports Quiz

Random Sports or NBA Quiz

Every Rookie of the Year ever Quiz Stats

 Plays Quiz not verified by Sporcle

Also try: Sports by Referee
Challenge
Share
Tweet
Embed
Score 0/64 Timer 15:00
0 Plays Today
Team Player % Correct
Minnesota Karl-Anthony Towns
95.6%
MinnesotaAndrew Wiggins
95.6%
ClevelandKyrie Irving
88.3%
PortlandDamian Lillard
87.5%
Cleveland LeBron James
84.3%
Chicago Derrick Rose
83.9%
SeattleKevin Durant
82.7%
New Orleans Chris Paul
73.4%
TorontoVince Carter
72.6%
Chicago Bulls THE GOAT
71%
San Antonio Tim Duncan
69.8%
Orlando Magic Shaquille O'Neal
65.3%
Los Angeles Blake Griffin
64.1%
Philadelphia 76ers Allen Iverson
60.5%
PhiladelphiaMichael Carter Williams
57.3%
Memphis Pau Gasol
56.5%
Boston CelticsLarry Bird
56%
SacramentoTyreke Evans
55.2%
Portland Brandon Roy
54.4%
New York Knicks Patrick Ewing
53.6%
Charlotte HornetsLarry Johnson
52%
Philadelphia Warriors Wilt Chamberlain
52%
New Jersey Nets Buck Williams
51.6%
Detroit Pistons or Dallas MavericksGrant Hill
48.8%
San Antonio Spurs David Robinson
48.4%
Charlotte Emeka Okafor
46.8%
Milwaukee Bucks Kareem Abdul-Jabbar
45.2%
OrlandoMike Miller
44.8%
PhoenixAmar'e Stoudemire
44.4%
Cincinnati RoyalsOscar Robertson
43.5%
Milwaukee Hawks Bob Pettit
34.7%
Golden State WarriorsChris Webber
33.9%
Team Player % Correct
San Francisco WarriorsRick Barry
33.5%
Phoenix Suns Walter Davis
32.3%
Baltimore Bullets Westley Unseld
30.6%
Buffalo Braves Bob McAdoo
29.4%
Chicago Bulls or Houston RocketsElton Brand
29%
New York Knicks Willis Reed
26.6%
Houston Rockets Ralph Sampson
25.4%
Toronto Raptors Damon Stoudamire
25%
Golden State WarriorsMitch Richmond
22.2%
Minneapolis LakersElgin Baylor
21.8%
New York Knicks Mark Jackson
20.2%
Boston Celtics or Portland Trailblazers David Cowens
15.3%
Buffalo Braves Adrian Dantley
14.9%
Cincinnati RoyalsJerry Lucas
14.1%
New Jersey NetsDerrick Coleman
12.1%
Detroit Pistons David Bing
10.9%
Indiana Pacers Chuck Person
9.3%
Chicago Packers Walt Bellamy
9.3%
Boston CelticsThomas Heinsohn
9.3%
Phoenix Suns Alvan Adams
8.9%
San Diego Clippers Terry Cummings
7.7%
Utah JazzDarrell Griffith
7.7%
Golden State Warriors Jamaal Wilkes
6.5%
Portland Trail Blazers Sidney Wicks
5.2%
Rochester Royals Maurice Stokes
5.2%
Buffalo BravesErnie Digregorio
4.8%
Chicago ZephyrsTerry Dischinger
3.6%
Philadelphia WarriorsWoody Sauldsberry
2.8%
Kansas City KingsPhil Ford
0%
Baltimore BulletsEarl Monroe
0%
Baltimore BulletsRaymond Felix
0%
Fort Wayne Pistons William Melchionni
0%

You're not logged in!

Compare scores with friends on all Sporcle quizzes.
Join for Free
OR
Log In

You Might Also Like...

Show Comments

Extras

Top Quizzes Today


Score Distribution

Your Account Isn't Verified!

In order to create a playlist on Sporcle, you need to verify the email address you used during registration. Go to your Sporcle Settings to finish the process.

Report this User

Report this user for behavior that violates our Community Guidelines.

Details: